Full House Opening Song Quiz Stats

 Plays Quiz Updated Jun 16, 2013

Challenge
Share
Tweet
Embed
Score 0/108 Timer 06:00
1 Play Today
Lyrics % Correct
The
93.4%
the
93.4%
to
88.7%
to
88.7%
to.
88.7%
to
88.7%
a
88.6%
a
88.6%
A
88.6%
A
88.6%
you
88.4%
you
88.4%
you.
88.3%
you
88.3%
you
88.3%
you
87.7%
you
87.7%
you
87.7%
you
87.7%
you
87.7%
a
87.1%
a
87.1%
ever
80.3%
Everywhere
77.7%
Everywhere
77.7%
Everywhere
77.7%
paperboy
77.7%
look
77.5%
look
77.5%
look
77.5%
(everywhere
75.7%
(everywhere
75.7%
look
75.7%
Everywhere
75.7%
Everywhere
75.7%
look
75.7%
Lyrics % Correct
milkman
75.5%
TV.
74.4%
happened
74%
Whatever
72.9%
there
69.3%
I
68.6%
and
66.5%
evening
62.4%
And
60.5%
waiting
59.7%
on
59.4%
heart
58.2%
so
56.3%
your
56.1%
your
56.1%
predictability?
55.2%
home
54.9%
who
54.8%
somebody
54.7%
me
54.4%
me.
54.4%
is
53.8%
There's
53.4%
There's
53.4%
who
53.4%
Somebody
52.9%
hold
52.2%
all
50.3%
carry
49.6%
When
48.7%
needs
47.9%
alone
47.5%
out
44.8%
you're
44.7%
you're
44.7%
hand
43.2%
Lyrics % Correct
lost
43.1%
go)
40.6%
go)
40.6%
of
39.8%
old
36.8%
How
33.6%
face
33.5%
light
29.4%
here?
27.7%
get
26.8%
did
25.9%
This
25.5%
tell
23.7%
please.
22.8%
as
20.2%
as
20.2%
don't
18%
confusing
16.6%
little
16.2%
dreams
15.3%
seen.
15.2%
soon.'
15.2%
voice
15%
inside
14.7%
knows
14.5%
sell
14.5%
you've
13.9%
'Kid
13.6%
whispers
13.2%
delivered
13%
mean
12.9%
bird
12.7%
Clouds
12.7%
world's
12.4%
tune
11.8%
Ain't
7.6%

You're not logged in!

Compare scores with friends on all Sporcle quizzes.
Join for Free
OR
Log In

You Might Also Like...

Show Comments

Extras

Top Quizzes Today


Score Distribution

Your Account Isn't Verified!

In order to create a playlist on Sporcle, you need to verify the email address you used during registration. Go to your Sporcle Settings to finish the process.

Report this User

Report this user for behavior that violates our Community Guidelines.

Details: